000 00316nam a2200145Ia 4500
003 OSt
008 191201s2017 xx 000 0 und d
082 _a005.73
_bGUD
100 _aGUPTA, Deepak
245 0 _aData Structures
260 _bSK Kataria
_c2017
300 _a414
650 _aB.Tech(IT)
942 _2ddc
_cBK
999 _c6892
_d6892